African Countries With Most Annual Precipitation - Statistics

General Stats
  • This quiz has been taken 15 times
  • The average score is 12 of 15
Answer Stats
Hint Answer % Correct
2,041 Mauritius
93%
1,543 Democratic Republic of the Congo
86%
1,831 Gabon
86%
1,513 Madagascar
86%
1,646 Republic of the Congo
86%
2,330 Seychelles
86%
2,526 Sierra Leone
86%
1,604 Cameroon
79%
2,156 Equatorial Guinea
79%
1,651 Guinea
79%
1,577 Guinea-Bissau
79%
3,200 São Tomé and Príncipe
79%
1,343 Central African Republic
71%
2,391 Liberia
71%
1,348 Ivory Coast
57%
No matching quizzes found
Score Distribution
Percent of People with Each Score
Percentile by Number Answered
Your Score History
You have not taken this quiz